En busca del concepto de cine nacional español

Elmentve itt :
Bibliográfiai részletek
Szerző: Lénárt András
Dokumentumtípus: Cikk
Megjelent: Szegedi Tudomanyegyetem 2012
Sorozat:Acta Hispanica - Acta Universitatis Szegediensis 17
mtmt:2234271
Online Access:http://publicatio.bibl.u-szeged.hu/6356
LEADER 00670nab a2200181 i 4500
001 publ6356
005 20180828115844.0
008 160222s2012 hu o 0|| zxx d
022 |a 1416-7263 
024 7 |a 2234271  |2 mtmt 
040 |a SZTE Publicatio Repozitórium  |b hun 
041 |a zxx 
100 1 |a Lénárt András 
245 1 0 |a En busca del concepto de cine nacional español  |h [elektronikus dokumentum] /  |c  Lénárt András 
260 |a Szegedi Tudomanyegyetem  |c 2012 
300 |a 103-113 
490 0 |a Acta Hispanica - Acta Universitatis Szegediensis  |v 17 
856 4 0 |u http://publicatio.bibl.u-szeged.hu/6356/1/El%20cine%20nacional%20%28Acta%20Hispanica%29.pdf  |z Dokumentum-elérés